000 00786nam a2200241Ia 4500
003 GCL
005 20240530104708.0
008 140319s9999 xx 000 0 ara d
040 _aGCL /
_cGCL
082 0 4 _a811.4
_bع ا
100 0 _aعلى شلق
245 1 0 _aابونواس بين التخطى والالتزام /
_cعلى شلق
260 _a[S.N] :
_bالمؤسسة الجامعية للدراسات والنشر والتوزيع ،
_c1982
300 _a517 ص
490 _aالسلسلة الادبية
_v0
650 0 4 _aالشعر العربى
650 0 4 _aالادب العربى
650 0 4 _aالقصائد والدواوين
650 0 4 _aابونواس، الحسن بن هانى
650 0 4 _aنار
650 0 4 _aتاريخ ونقد
942 _2ddc
_cBK
999 _c49923
_d49923